Finales de Ligue des Champions de la Juventus Turin - Statistiques

Statistiques générales
  • Ce quiz a été pris 285 fois
  • Le résultat moyen est 6 sur 7
Statistiques - réponses
Réponse % Correct
Real Madrid
99%
FC Barcelone
96%
Milan AC
86%
Ajax Amsterdam
79%
Borussia Dortmund
79%
Liverpool
77%
Hambourg SV
45%
Aucun quiz correspondant
Distribution des résultats
% des personnes avec chaque résultat
Percentile par nombre de réponses
Votre historique - résultats
Vous n’avez pas pris ce quiz